Music Quiz

Random Music or Singers Quiz

Female 'A' Singers Matching Blitz Quiz Stats

 Plays Quiz Updated Nov 18, 2016

Challenge
Share
Tweet
Score 0/20 Timer 02:00
1 Play Today
% Correct
Alicia
97.5%
Avril
96.5%
Aretha
95.9%
Amy
95.6%
Alanis
94.2%
Ariana
90.9%
Annie
89.3%
Ashlee
85.7%
Anita
63.8%
Anne
59.8%
% Correct
Ann
52.2%
Ani
50.6%
Azealia
47.4%
Alannah
46.8%
Agathe
45.5%
Aimee
43.6%
Alison
38.6%
Angie
26.4%
Amii
22.7%
Amanda
22.2%

You're not logged in!

Compare scores with friends on all Sporcle quizzes.
Join for Free
OR
Log In

You Might Also Like...

Show Comments

Extras

Top Quizzes Today


Score Distribution

Your Account Isn't Verified!

In order to create a playlist on Sporcle, you need to verify the email address you used during registration. Go to your Sporcle Settings to finish the process.

Report this User

Report this user for behavior that violates our Community Guidelines.

Details: